000 00629nam a2200217Ia 4500
999 _c48802
_d48802
003 GCL
005 20240530104554.0
008 140319s9999 xx 000 0 ara d
040 _aGCL /
_cGCL
082 0 4 _a770.282
_bم ف
100 1 _aمحمد محمد
245 1 0 _aالفيديو للهواة وكاميرا الفيديو /
_cمحمد محمد
260 _a[S.N] :
_bالحكمة للطبع والنشر ،
_c1996
300 _a160 ص
650 0 4 _aالفيديو
650 0 4 _aالفن
650 0 4 _aالتصوير
650 0 4 _aكاميرا الفيديو
700 1 _aمحمد محمد
942 _2ddc
_cBK